00754nam a22002057a 450000500170000001000150001702000260003203500130005803700130007108200150008410000140009924500740011326000310018727000780021830000270029650000510032394200290037499900170040395201280042020150428112842.0 aENG-112307 a9781138019706c695.00 aEN-95839 bDBAD/PUB a355.033554 aAli Ahmed aIndia's doctrine puzzle :cby Ali Ahmedblimiting war in South Asia / aNew DelhibRoutledgec2014 a912,Tolstoy House, 15-17 Tolstoy Marg, Connaught PlacebNew Delhie110001 axviii,240p. c22cm(Hb) aIncludes bibliographical references and index 2ddccENmALIh355.033554 c91986d91986 001040718NFICaDBADbDBADd2015-02-27eDBAD/PUBg695.00l0o355.033554 ALIpEN-95839r2015-02-27 00:00:00t1v695.00yEN